Minimálna mzda a minimálne mzdové nároky. Byť, či nebyť ?
Čo prekáža zamestnávateľom na inštitúte minimálnej mzdy. Účel inštitútu minimálnej mzdy. Uplatňovanie inštitútu minimálnej mzdy v EÚ. Minimálne mzdové nároky. Čo prekáža zamestnávateľom na inšitúte minimálnych mzdových nárokov. Minimálne mzdové nároky v EÚ nejestvujú. Ďalšie dôvody pre zachovanie mi...
Na minha lista:
| Autor principal: | |
|---|---|
| Formato: | Capítulo de Livro |
| Idioma: | eslovaco |
| Assuntos: | |
| Tags: |
Sem tags, seja o primeiro a adicionar uma tag!
|
MARC
| LEADER | 00000naa$a2200000$$$4500 | ||
|---|---|---|---|
| 001 | 0036113 | ||
| 005 | 20230919095235.9 | ||
| 041 | 0 | |a slo | |
| 044 | |a SK | ||
| 245 | 1 | 0 | |a Minimálna mzda a minimálne mzdové nároky. Byť, či nebyť ? |c Miroslav Mačuha |
| 520 | |a Čo prekáža zamestnávateľom na inštitúte minimálnej mzdy. Účel inštitútu minimálnej mzdy. Uplatňovanie inštitútu minimálnej mzdy v EÚ. Minimálne mzdové nároky. Čo prekáža zamestnávateľom na inšitúte minimálnych mzdových nárokov. Minimálne mzdové nároky v EÚ nejestvujú. Ďalšie dôvody pre zachovanie minimálnych mzdových nárokov. Dosah zvýšenia minimálnej mzdy od 1. 10. 2005. | ||
| 610 | 2 | 0 | |a mzdy minimálne |
| 610 | 2 | 0 | |a zamestnávatelia |
| 610 | 2 | 0 | |a Slovensko |
| 610 | 2 | 0 | |a Európska únia |
| 610 | 2 | 0 | |a práca nelegálna |
| 100 | 1 | |a Mačuha, Miroslav | |